书目信息 |
| 题名: |
汉语言文学专业教学大纲
|
|
| 作者: | ;北京师范大学出版社 编 | |
| 分册: | ||
| 出版信息: | 北京 北京师范大学出版社 1984 |
|
| 页数: | 453页 | |
| 开本: | 19cm | |
| 丛书名: | ||
| 单 册: | ||
| 中图分类: | G652.3 | |
| 科图分类: | ||
| 主题词: | 师范教育--教学理论--课程 , 师范教育--教学法--课程 | |
| 电子资源: | ||
| ISBN: | ||
| 000 | 00799nam0 2200253 45 | |
| 001 | 0184011936 | |
| 005 | 20070721103706.81 | |
| 010 | @dCNY1.45 | |
| 091 | @a10243.28 | |
| 100 | @a19960215d1984 em y0chiy0121 ea | |
| 101 | 0 | @achi |
| 102 | @aCN@b110000 | |
| 105 | @ay z 000yy | |
| 200 | 10 | @a汉语言文学专业教学大纲@Ahan yu yan wen xue zhuan ye jiao xue da gang@e试用本@EShi Yong Ben@f北京师范大学出版社编@FBei Jing Shi Fan Da Xue Chu Ban She Bian |
| 210 | @a北京@c北京师范大学出版社@d1984 | |
| 215 | @a453页@d19cm | |
| 300 | @a中学教师进修高等师范专科 | |
| 517 | @a试用本@AShi Yong Ben | |
| 606 | @a师范教育@x教学理论@x课程 | |
| 606 | @a师范教育@x教学法@x课程 | |
| 690 | @aG652.3@v3 | |
| 711 | 02 | @a北京师范大学出版社@4编 |
| 801 | 0 | @aCN@bNLC@c20070721 |
| 905 | @dG652.3@e18@f1@b130357 | |
| 汉语言文学专业教学大纲:试用本/北京师范大学出版社编.-北京:北京师范大学出版社,1984 |
| 453页;19cm |
| 中学教师进修高等师范专科 |
| ISBN :CNY1.45 |
| ● |
| 相关链接 |
|
|
|
|
正题名:汉语言文学专业教学大纲
索取号:G652.3/18
 
预约/预借
| 序号 | 登录号 | 条形码 | 馆藏地/架位号 | 状态 | 备注 |
| 1 | 0130356 | 001002042 | 第四借阅区/ [索取号:G652.3/18] | 在馆 | |
| 2 | 0130357 | 002040062 | 密集书库/ [索取号:G652.3/18] | 在馆 | |
| 3 | 0130358 | 001001971 | 密集书库/ [索取号:G652.3/18] | 在馆 | |
| 4 | 0130359 | 001002033 | 密集书库/ [索取号:G652.3/18] | 在馆 | |
| 5 | 0130360 | 001001980 | 第一样本阅览室/ [索取号:G652.3/18] | 在馆 | |
| 6 | 0769362 | 207693628 | 密集书库/ [索取号:G652.3/18] | 在馆 | |
| 7 | 0769367 | 207693673 | 密集书库/ [索取号:G652.3/18] | 在馆 |